| 000 | 00758nam a22002177a 4500 | ||
|---|---|---|---|
| 005 | 20100723161933.0 | ||
| 010 | _aENG-96546 | ||
| 020 |
_a9788132100812 _c495.00 |
||
| 035 | _aEN-80079 | ||
| 037 | _bWestland | ||
| 082 | _a658.314321 | ||
| 100 |
_aAgochiya, Devendra _91080 |
||
| 245 |
_aEvery trainer's handbook / _cby Devendra Agochiya |
||
| 250 | _a2nd ed | ||
| 260 |
_aNew Delhi _bSage Publications _c2009 |
||
| 270 |
_aB/1/I-1, Mohan Cooperative Industrial Area, Mathura Road, New Delhi-110044 _bNew Delhi |
||
| 300 |
_axxvi, 408p. _c24cm (pbk) |
||
| 500 | _aIncludes index | ||
| 942 |
_2ddc _cEN _mAGO _h658.314321 |
||
| 999 |
_c37456 _d37456 |
||